LEADER 02266nam2-2200397---450- 001 990005875380203316 005 20130729124218.0 010 $a978-92-9237-971-1 035 $a000587538 035 $aUSA01000587538 035 $a(ALEPH)000587538USA01 035 $a000587538 100 $a20130724d2012----km-y0itaa50------ba 101 0 $aita 102 $aLU 105 $a||||||||001yy 200 1 $a<> contributo del Fondo europeo di sviluppo (FES) per una rete stradale sostenibile nell'Africa subsahariana$fCorte dei conti europea 210 $aLussemburgo$cUfficio delle pubblicazioni dell'Unione europea$d2012 215 $a55 p.$cill.$d30 cm 225 2 $aRelazione speciale$v17/2012 330 $aLe strade sono fondamentali ai fini dell?integrazione regionale, della crescita economica, dello sviluppo sociale, dell'efficacia della pubblica amministrazione e della sicurezza. La Corte ha verificato se il FES abbia contribuito alla sostenibilitą della rete stradale nell?Africa subsahariana. Essa conclude che la Commissione č parzialmente efficace nel promuovere l?adozione e l?attuazione, da parte dei paesi partner, delle riforme delle politiche settoriali necessarie a superare gli ostacoli esistenti per pervenire ad una rete stradale sostenibile. La Corte formula raccomandazioni intese a focalizzare i finanziamenti fes sugli intereventi suscettibili di produrre il massimo impatto e a migliorare il modo in cui la Commissione utilizza la condizionalitą, il dialogo politico e la cooperazione tecnica. [Ed.] 410 0$1001000351941$aRelazione speciale 606 0 $aStrade$xPiani di sviluppo$yAfrica sub-sahariana 676 $a388.120967 699 $a10.03 710 02$aCorte dei conti europea$0541549 801 0$aIT$bsalbc$gISBD 856 4 $uhttp://bookshop.europa.eu/uri?target=EUB:NOTICE:QJAB12018:IT:HTML$4.$zAccesso libero online 912 $a990005875380203316 951 $aCDE 10.03 (VIII)$bCDE 2938$cCDE 10.03$d00185243 959 $aBK 969 $aCDE 979 $aMARIAS$b90$c20130724$lUSA01$h1248 979 $aMARIAS$b90$c20130729$lUSA01$h1242 996 $aContributo del Fondo europeo di sviluppo (FES) per una rete stradale sostenibile nell'Africa subsahariana$91085967 997 $aUNISA LEADER 01779nam 2200469 450 001 9910597135603321 005 20230607210947.0 010 $a3-428-50871-8 035 $a(CKB)3710000000852180 035 $a(MiAaPQ)EBC4561198 035 $a(EXLCZ)993710000000852180 100 $a20170719h20022002 uy 0 101 0 $ager 135 $aurcnu|||||||| 181 $2rdacontent 182 $2rdamedia 183 $2rdacarrier 200 00$aBildungssystem und betriebliche bescha?ftigungsstrategien in internationaler perspektive /$fvon Uschi Backes-Gellner [and ten others] ; herausgegeben von Uschi Backes-Gellner, Corinna Schmidtke 210 1$aBerlin, [Germany] :$cDuncker & Humblot,$d2002. 210 4$d©2002 215 $a1 online resource (158 pages) $cillustrations 225 1 $aSchriften des Vereins fu?r Socialpolitik : Gesellschaft fu?r Wirtschafts- und Sozialwissenschaften. Neue Folge,$x0505-2777 ;$vBand 290 300 $a"Conference papers and proceedings." 311 $a3-428-10871-X 320 $aIncludes bibliographical references at the end of each chapters. 410 0$aSchriften des Vereins fu?r Socialpolitik.$pNeue Folge ;$vBand 290. 606 $aBusiness and education$vCongresses 606 $aVocational education$vCongresses 606 $aHuman capital$vCongresses 615 0$aBusiness and education 615 0$aVocational education 615 0$aHuman capital 676 $a650.0711 702 $aBackes-Gellner$b Uschi 702 $aSchmidtke$b Corinna 801 0$bMiAaPQ 801 1$bMiAaPQ 801 2$bMiAaPQ 906 $aBOOK 912 $a9910597135603321 996 $aBildungssystem und betriebliche bescha?ftigungsstrategien in internationaler perspektive$92946480 997 $aUNINA